Budovanie imidžu vybranej spoločnosti bakalárska práca

Na minha lista:
Detalhes bibliográficos
Autor principal: Detriková, Daniela
Autor Corporativo: Obchodná fakulta EU. Katedra marketingu
Outros Autores: Ralbovský, Andrej, 1991-
Formato: Livro
Idioma:eslovaco
Publicado em: Bratislava 2017
Tags: Adicionar Tag
Sem tags, seja o primeiro a adicionar uma tag!

MARC

LEADER 00000nbm a2200000 4500
001 0232857
005 20170920111709.5
041 0 |a slo 
044 |a SK 
245 1 0 |a Budovanie imidžu vybranej spoločnosti  |b bakalárska práca  |c Daniela Detriková ; školiteľ: Andrej Ralbovský 
264 1 |a Bratislava  |c 2017 
300 |a 47 s. 
100 1 |a Detriková, Daniela 
700 1 |a Ralbovský, Andrej, 1991- 
710 2 |a Obchodná fakulta EU. Katedra marketingu